| 000 | 00688nam a2200241Ia 4500 | ||
|---|---|---|---|
| 005 | 20260121113201.0 | ||
| 008 | 11968 260114s9999 xx 000 0 eng d | ||
| 020 | _a9789814439398 | ||
| 037 | _aEBOOK | ||
| 040 |
_aCRL _beng _cCRL |
||
| 041 |
_aeng _2eng |
||
| 084 | _qCRL | ||
| 100 |
_aCullen D E Et Al _9969558 |
||
| 245 | 0 | _aReactor Physics Calculations for Applications in Nuclear Technology - Proceedings of the Workshop | |
| 260 | _bWorld Scientific | ||
| 260 | _bWSPC | ||
| 260 | _c1991 | ||
| 650 |
_aPhysics _9969559 |
||
| 856 | _uhttps://www.worldscientific.com/worldscibooks/10.1142/1302#t=toc | ||
| 942 | _cEBOOK | ||
| 999 |
_c1549268 _d1549268 |
||